000 00557nam a22002057a 4500
001 sjds
003 sjds
005 20221221194544.0
008 221221b ck ||||| |||| 00| 0 spa d
020 _a9789583001390
020 _a9583001392
040 _csjds
041 _aspa
100 _aPerea Rosero, TucĂ­dides
245 _aFutbol /
_cTucĂ­dides Perea Rosero
260 _aBogota, Colombia :
_bPanamericana Editorial,
_cc1995.
300 _a x, 204 pages :
_b illustrations ;
_c16 cm
440 _a Reglamentos deportivos ilustrados
942 _cBK
999 _c27588
_d27588